A Journey through Thailand : (Record no. 64978)
[ view plain ]
| 000 -الفاتح | |
|---|---|
| حقل البيانات ثابتة الطول | 00651nam a22001937a 4500 |
| 005 - وقت وتاريخ اخر تعامل مع التسجيلة | |
| رقم الضبط | 20240530110800.0 |
| 008 - عناصر البيانات ثابتة الطول - معلومات عامة | |
| حقل البيانات ثابتة الطول | 190122s2018 ua cf g 000 0 eng d |
| 017 ## - رقم الايداع القانونى | |
| المصدر ( الهيئة المختصة) | مصر. دار الكتب |
| 040 ## - مصدر الفهرسة | |
| وكالة الفهرسة الأصلية | EG-CaGPL |
| وكالة النسخ | EG-CaGPL |
| 082 04 - رقم تصنيف ديوى العشرى | |
| رقم الطبعة | 21 |
| رقم التصنيف | 915.93/ |
| رقم المادة | M J |
| 100 1# - المدخل الرئيسى - إسم شخصى | |
| الإسم الشخصى | Montapaneewat, Juthekeart |
| 245 12 - بيان العنوان | |
| العنوان | A Journey through Thailand : |
| بقية العنوان | Land of Unforgettable Experience / |
| بيان المسئوليه,etc | photography by Asmaa Gamal ;Text Written by Juthekeart Montapaneewat |
| 260 ## - PUBLICATION, DISTRIBUTION, ETC. (IMPRINT) | |
| تاريخ النشر أو التوزيع | 2015. |
| 300 ## - الوصف المادى | |
| التعداد | 159 P. : |
| تفاصيل ماديه اخرى للوعاء | ill ; |
| أبعاد الوعاء | 24 cm. |
| 650 ## - المدخل الاضافى بالموضوع-مصطلح موضوعى | |
| مصدر الرأس أو المصطلح | qrmak |
| 651 04 - المدخل الاضافى بالموضوع - اسم جغرافى | |
| مصدر الرأس أو المصطلح | Thailand |
| الاسم الجغرافي | Description and Travels |
| 700 1# - المدخل الاضافى - اسم شخصى | |
| الإسم الشخصى | Gamal, Asmaa |
| الدور | photography |
| 942 ## - عناصر المدخل الإضافي( كوها) | |
| مصدر التصنيف او مخطط الترفيف | Dewey Decimal Classification |
| Koha [default] item type | كتاب |
| 260 ## - PUBLICATION, DISTRIBUTION, ETC. (IMPRINT) | |
| -- | :Cairo |
| حالة التراجع | حالة الفقد | حالة تلف | ليس للاعارة | المكان المؤقت | الموقع الحالى | موقع الترفيف | تاريخ الاكتساب | اجمالي اﻻعارات | رقم الطلب | الباركود | تاريخ اخر مشاهدة | تاريخ تفعيل السعر | نوع وعاء كوها |
|---|---|---|---|---|---|---|---|---|---|---|---|---|---|
| مكتبة القاهرة الكبرى | مكتبة القاهرة الكبرى | 01/22/2019 | 915.93/ M J | 165512 | 01/22/2019 | 01/22/2019 | كتاب |

